[Event "DVM U20w 2023"]
[Site "Magdeburg GER"]
[Date "2023.12.30"]
[Round "7"]
[White "Brewig, Becky"]
[Black "Schmidt, Luise"]
[Result "1/2-1/2"]
[Termination "normal"]
[Board "5.2"]
[WhiteElo "1425"]
[BlackElo "1465"]
[WhiteClock "00:35:28"]
[BlackClock "00:21:52"]
[WhiteTeam "SC 1865 Annaberg-Buchholz"]
[BlackTeam "SV Königsjäger Süd-West"]
[PlyCount "53"]
[WhiteFideId "12964425"]
[BlackFideId "16294475"]
[EventCountry "GER"]
[EventRounds "7"]
[EventType "team-swiss"]
[EventDate "2023.12.26"]

1. e4 {[%clk 01:30:58]} {[%emt 00:00:02]} e5 {[%clk 01:30:55]} {[%emt
00:00:05]} 2. Nf3 {[%clk 01:31:24]} {[%emt 00:00:05]} Nc6 {[%clk 01:31:22]}
{[%emt 00:00:04]} 3. Bc4 {[%clk 01:31:50]} {[%emt 00:00:04]} Bc5 {[%clk
01:31:46]} {[%emt 00:00:05]} 4. c3 {[%clk 01:32:12]} {[%emt 00:00:07]} Nf6
{[%clk 01:30:38]} {[%emt 00:01:39]} 5. d4 {[%clk 01:32:36]} {[%emt 00:00:05]}
exd4 {[%clk 01:30:37]} {[%emt 00:00:33]} 6. cxd4 {[%clk 01:32:59]} {[%emt
00:00:06]} Bb4+ {[%clk 01:30:25]} {[%emt 00:00:43]} 7. Bd2 {[%clk 01:33:07]}
{[%emt 00:00:21]} Bxd2+ {[%clk 01:28:28]} {[%emt 00:02:27]} 8. Nbxd2 {[%clk
01:33:29]} {[%emt 00:00:09]} d5 {[%clk 01:27:12]} {[%emt 00:01:45]} 9. exd5
{[%clk 01:33:31]} {[%emt 00:00:28]} Nxd5 {[%clk 01:27:11]} {[%emt 00:00:31]}
10. Qe2+ {[%clk 01:28:55]} {[%emt 00:05:06]} Be6 {[%clk 01:22:17]} {[%emt
00:05:26]} 11. O-O {[%clk 01:28:35]} {[%emt 00:00:49]} O-O {[%clk 01:21:18]}
{[%emt 00:01:29]} 12. Nb3 {[%clk 01:26:07]} {[%emt 00:02:57]} Nf4 {[%clk
01:07:05]} {[%emt 00:14:44]} 13. Qc2 {[%clk 01:24:47]} {[%emt 00:01:49]} Re8
{[%clk 01:00:24]} {[%emt 00:07:13]} 14. Rfe1 {[%clk 01:22:16]} {[%emt
00:03:00]} Qf6 {[%clk 00:54:41]} {[%emt 00:06:14]} 15. Bxe6 {[%clk 01:18:24]}
{[%emt 00:04:21]} Rxe6 {[%clk 00:51:33]} {[%emt 00:03:40]} 16. Rxe6 {[%clk
01:13:12]} {[%emt 00:05:42]} Qxe6 {[%clk 00:50:11]} {[%emt 00:01:52]} 17. h3
{[%clk 01:12:47]} {[%emt 00:00:54]} Qf6 {[%clk 00:43:52]} {[%emt 00:06:48]} 18.
Re1 {[%clk 01:07:58]} {[%emt 00:05:20]} Nxh3+ {[%clk 00:39:15]} {[%emt
00:05:08]} 19. Kf1 {[%clk 01:04:06]} {[%emt 00:04:21]} Ng5 {[%clk 00:34:34]}
{[%emt 00:05:11]} 20. Qe2 {[%clk 00:44:21]} {[%emt 00:20:14]} Rf8 {[%clk
00:31:47]} {[%emt 00:03:17]} 21. Ne5 {[%clk 00:40:44]} {[%emt 00:04:07]} Nxe5
{[%clk 00:30:04]} {[%emt 00:02:14]} 22. Qxe5 {[%clk 00:40:33]} {[%emt
00:00:39]} Qxe5 {[%clk 00:22:51]} {[%emt 00:07:45]} 23. Rxe5 {[%clk 00:40:54]}
{[%emt 00:00:08]} f6 {[%clk 00:21:49]} {[%emt 00:01:33]} 24. Re7 {[%clk
00:40:06]} {[%emt 00:01:17]} Rf7 {[%clk 00:21:26]} {[%emt 00:00:54]} 25. Re8+
{[%clk 00:38:38]} {[%emt 00:01:58]} Rf8 {[%clk 00:21:43]} {[%emt 00:00:13]} 26.
Re7 {[%clk 00:38:22]} {[%emt 00:00:45]} Rf7 {[%clk 00:21:52]} {[%emt 00:00:21]}
27. Re8+ {[%clk 00:35:28]} {[%emt 00:03:25]} 1/2-1/2

[Event "DVM U20w 2023"]
[Site "Magdeburg GER"]
[Date "2023.12.30"]
[Round "7"]
[White "Schülke, Rosalie"]
[Black "Schubert, Matthea"]
[Result "1/2-1/2"]
[Termination "normal"]
[Board "5.3"]
[WhiteElo "1554"]
[BlackElo "1510"]
[WhiteClock "00:01:19"]
[BlackClock "00:03:08"]
[WhiteTeam "SV Königsjäger Süd-West"]
[BlackTeam "SC 1865 Annaberg-Buchholz"]
[PlyCount "75"]
[WhiteFideId "16287436"]
[BlackFideId "16235371"]
[EventCountry "GER"]
[EventRounds "7"]
[EventType "team-swiss"]
[EventDate "2023.12.26"]

1. e4 {[%clk 01:30:59]} {[%emt 00:00:01]} e5 {[%clk 01:30:58]} {[%emt
00:00:02]} 2. Nf3 {[%clk 01:31:23]} {[%emt 00:00:06]} Nc6 {[%clk 01:31:24]}
{[%emt 00:00:05]} 3. Bb5 {[%clk 01:31:42]} {[%emt 00:00:10]} d6 {[%clk
01:30:25]} {[%emt 00:01:30]} 4. h3 {[%clk 01:30:32]} {[%emt 00:01:40]} Bd7
{[%clk 01:29:07]} {[%emt 00:01:48]} 5. O-O {[%clk 01:29:50]} {[%emt 00:01:12]}
g6 {[%clk 01:27:50]} {[%emt 00:01:47]} 6. c3 {[%clk 01:21:54]} {[%emt
00:08:26]} Bg7 {[%clk 01:21:50]} {[%emt 00:06:29]} 7. d4 {[%clk 01:18:18]}
{[%emt 00:04:07]} exd4 {[%clk 01:12:32]} {[%emt 00:09:48]} 8. cxd4 {[%clk
01:17:13]} {[%emt 00:01:34]} Nge7 {[%clk 01:10:44]} {[%emt 00:02:18]} 9. Nc3
{[%clk 01:15:46]} {[%emt 00:01:57]} O-O {[%clk 01:07:24]} {[%emt 00:03:50]} 10.
Bf4 {[%clk 01:12:07]} {[%emt 00:04:09]} Re8 {[%clk 01:01:47]} {[%emt 00:06:06]}
11. d5 {[%clk 01:07:56]} {[%emt 00:04:43]} Ne5 {[%clk 01:01:30]} {[%emt
00:00:46]} 12. Bxd7 {[%clk 01:07:27]} {[%emt 00:00:59]} Qxd7 {[%clk 01:00:01]}
{[%emt 00:02:00]} 13. Nd4 {[%clk 00:56:27]} {[%emt 00:11:30]} a6 {[%clk
00:57:53]} {[%emt 00:02:38]} 14. b3 {[%clk 00:52:24]} {[%emt 00:04:33]} Rad8
{[%clk 00:48:00]} {[%emt 00:10:23]} 15. Qd2 {[%clk 00:50:07]} {[%emt 00:02:47]}
c6 {[%clk 00:45:44]} {[%emt 00:02:46]} 16. Bh6 {[%clk 00:47:48]} {[%emt
00:02:49]} cxd5 {[%clk 00:45:32]} {[%emt 00:00:42]} 17. Bxg7 {[%clk 00:47:29]}
{[%emt 00:00:49]} Kxg7 {[%clk 00:45:38]} {[%emt 00:00:25]} 18. exd5 {[%clk
00:47:25]} {[%emt 00:00:33]} Qc8 {[%clk 00:42:20]} {[%emt 00:03:47]} 19. f4
{[%clk 00:43:06]} {[%emt 00:04:49]} Nd7 {[%clk 00:42:12]} {[%emt 00:00:39]} 20.
Rac1 {[%clk 00:41:46]} {[%emt 00:01:49]} Qb8 {[%clk 00:40:47]} {[%emt
00:01:55]} 21. f5 {[%clk 00:39:38]} {[%emt 00:02:40]} Nf6 {[%clk 00:39:22]}
{[%emt 00:01:55]} 22. fxg6 {[%clk 00:32:44]} {[%emt 00:07:24]} hxg6 {[%clk
00:39:01]} {[%emt 00:00:50]} 23. Qg5 {[%clk 00:26:57]} {[%emt 00:06:18]} Nh7
{[%clk 00:35:40]} {[%emt 00:03:49]} 24. Qf4 {[%clk 00:26:23]} {[%emt 00:01:05]}
Rf8 {[%clk 00:35:01]} {[%emt 00:01:10]} 25. Qg4 {[%clk 00:18:36]} {[%emt
00:08:16]} Qc8 {[%clk 00:31:30]} {[%emt 00:04:02]} 26. Qf3 {[%clk 00:18:09]}
{[%emt 00:00:56]} Qd7 {[%clk 00:30:52]} {[%emt 00:01:08]} 27. Nce2 {[%clk
00:17:30]} {[%emt 00:01:09]} Rde8 {[%clk 00:25:17]} {[%emt 00:06:06]} 28. Nf4
{[%clk 00:16:44]} {[%emt 00:01:16]} Ng5 {[%clk 00:20:46]} {[%emt 00:05:02]} 29.
Qc3 {[%clk 00:15:57]} {[%emt 00:01:16]} Kg8 {[%clk 00:19:53]} {[%emt 00:01:24]}
30. Nde2 {[%clk 00:10:02]} {[%emt 00:06:25]} Ne4 {[%clk 00:17:06]} {[%emt
00:03:16]} 31. Qa5 {[%clk 00:08:38]} {[%emt 00:01:55]} Rc8 {[%clk 00:12:28]}
{[%emt 00:05:07]} 32. Rc4 {[%clk 00:08:22]} {[%emt 00:00:46]} Rc5 {[%clk
00:11:31]} {[%emt 00:01:28]} 33. Qe1 {[%clk 00:07:14]} {[%emt 00:01:38]} Ng5
{[%clk 00:09:22]} {[%emt 00:02:38]} 34. Qg3 {[%clk 00:06:04]} {[%emt 00:01:40]}
Nh7 {[%clk 00:08:13]} {[%emt 00:01:39]} 35. Rd1 {[%clk 00:03:42]} {[%emt
00:02:51]} Rcc8 {[%clk 00:05:13]} {[%emt 00:03:31]} 36. Rcc1 {[%clk 00:01:30]}
{[%emt 00:02:42]} Nf6 {[%clk 00:04:21]} {[%emt 00:01:23]} 37. Nc3 {[%clk
00:01:27]} {[%emt 00:00:32]} Qf5 {[%clk 00:03:08]} {[%emt 00:01:44]} 38. Qf3
{[%clk 00:01:19]} {[%emt 00:00:37]} 1/2-1/2

[Event "DVM U20w 2023"]
[Site "Magdeburg GER"]
[Date "2023.12.30"]
[Round "7"]
[White "Berndt, Christiane"]
[Black "Richter, Anastasia"]
[Result "0-1"]
[Termination "normal"]
[Board "5.4"]
[WhiteElo "1297"]
[BlackElo "1353"]
[WhiteClock "00:00:46"]
[BlackClock "00:01:06"]
[WhiteTeam "SC 1865 Annaberg-Buchholz"]
[BlackTeam "SV Königsjäger Süd-West"]
[PlyCount "66"]
[WhiteFideId "16235363"]
[BlackFideId "34659099"]
[EventCountry "GER"]
[EventRounds "7"]
[EventType "team-swiss"]
[EventDate "2023.12.26"]

1. e4 {[%clk 01:30:56]} {[%emt 00:00:03]} e5 {[%clk 01:30:56]} {[%emt
00:00:04]} 2. Nf3 {[%clk 01:31:13]} {[%emt 00:00:14]} Nc6 {[%clk 01:31:20]}
{[%emt 00:00:07]} 3. Bc4 {[%clk 01:31:34]} {[%emt 00:00:07]} Nf6 {[%clk
01:31:44]} {[%emt 00:00:06]} 4. Nc3 {[%clk 01:30:49]} {[%emt 00:01:15]} Nxe4
{[%clk 01:32:00]} {[%emt 00:00:15]} 5. Nxe4 {[%clk 01:28:24]} {[%emt 00:02:53]}
d5 {[%clk 01:32:17]} {[%emt 00:00:15]} 6. Bxd5 {[%clk 01:27:34]} {[%emt
00:01:19]} Qxd5 {[%clk 01:32:16]} {[%emt 00:00:31]} 7. d3 {[%clk 01:26:12]}
{[%emt 00:01:53]} Bf5 {[%clk 01:28:40]} {[%emt 00:04:03]} 8. Qe2 {[%clk
01:22:42]} {[%emt 00:04:02]} O-O-O {[%clk 01:23:34]} {[%emt 00:05:36]} 9. Bd2
{[%clk 01:17:53]} {[%emt 00:05:19]} Nb4 {[%clk 01:06:32]} {[%emt 00:17:25]} 10.
Bc3 {[%clk 01:16:04]} {[%emt 00:02:26]} Bg4 {[%clk 00:52:20]} {[%emt 00:14:42]}
11. Bxb4 {[%clk 01:06:29]} {[%emt 00:10:05]} Bxb4+ {[%clk 00:52:25]} {[%emt
00:00:25]} 12. c3 {[%clk 01:00:24]} {[%emt 00:06:35]} Be7 {[%clk 00:49:52]}
{[%emt 00:03:00]} 13. O-O {[%clk 00:59:25]} {[%emt 00:01:33]} f5 {[%clk
00:27:06]} {[%emt 00:23:17]} 14. Ned2 {[%clk 00:48:37]} {[%emt 00:11:17]} Bf6
{[%clk 00:22:22]} {[%emt 00:05:13]} 15. Qe3 {[%clk 00:45:31]} {[%emt 00:03:36]}
Kb8 {[%clk 00:16:40]} {[%emt 00:06:09]} 16. c4 {[%clk 00:23:38]} {[%emt
00:22:26]} Qxd3 {[%clk 00:15:28]} {[%emt 00:01:40]} 17. Qxd3 {[%emt 00:06:01]}
Rxd3 {[%clk 00:15:52]} {[%emt 00:00:02]} 18. Nb3 {[%clk 00:15:51]} {[%emt
00:02:52]} Bxf3 {[%clk 00:14:14]} {[%emt 00:02:09]} 19. gxf3 {[%clk 00:16:09]}
{[%emt 00:00:12]} Rxf3 {[%clk 00:14:06]} {[%emt 00:00:36]} 20. Rad1 {[%clk
00:14:44]} {[%emt 00:01:56]} Rf4 {[%clk 00:12:37]} {[%emt 00:01:57]} 21. c5
{[%clk 00:12:23]} {[%emt 00:02:53]} c6 {[%clk 00:08:55]} {[%emt 00:04:10]} 22.
Rd2 {[%clk 00:09:09]} {[%emt 00:03:45]} Kc7 {[%clk 00:08:28]} {[%emt 00:00:58]}
23. Kh1 {[%clk 00:07:35]} {[%emt 00:02:05]} Rd8 {[%clk 00:07:57]} {[%emt
00:00:59]} 24. Re2 {[%clk 00:07:32]} {[%emt 00:00:34]} b6 {[%clk 00:06:48]}
{[%emt 00:01:39]} 25. Rg1 {[%clk 00:06:03]} {[%emt 00:02:00]} g6 {[%clk
00:05:14]} {[%emt 00:02:04]} 26. Rc2 {[%clk 00:05:06]} {[%emt 00:01:25]} Rd5
{[%clk 00:01:46]} {[%emt 00:03:58]} 27. Rgc1 {[%clk 00:04:48]} {[%emt
00:00:48]} bxc5 {[%clk 00:01:25]} {[%emt 00:00:52]} 28. Nxc5 {[%clk 00:04:25]}
{[%emt 00:00:53]} Kd6 {[%clk 00:01:11]} {[%emt 00:00:42]} 29. Nb3 {[%clk
00:03:01]} {[%emt 00:01:55]} Kd7 {[%clk 00:00:56]} {[%emt 00:00:45]} 30. Nc5+
{[%clk 00:02:54]} {[%emt 00:00:39]} Ke7 {[%clk 00:01:00]} {[%emt 00:00:22]} 31.
Nb7 {[%clk 00:02:14]} {[%emt 00:01:13]} Rb5 {[%clk 00:01:02]} {[%emt 00:00:24]}
32. Nc5 {[%clk 00:01:22]} {[%emt 00:01:26]} Bg5 {[%clk 00:01:00]} {[%emt
00:00:30]} 33. Rd1 {[%clk 00:00:46]} {[%emt 00:01:08]} Rd4 {[%clk 00:01:06]}
{[%emt 00:00:23]} 0-1

[Event "DVM U20w 2023"]
[Site "Magdeburg GER"]
[Date "2023.12.30"]
[Round "7"]
[White "Adelhardt, Lisa"]
[Black "Wolterink, Jule"]
[Result "1/2-1/2"]
[Termination "normal"]
[Board "6.1"]
[WhiteElo "1701"]
[BlackElo "1474"]
[WhiteClock "00:24:33"]
[BlackClock "00:18:52"]
[WhiteTeam "SC Garching 1980"]
[BlackTeam "SK Lehrte 1919"]
[PlyCount "85"]
[WhiteFideId "16235380"]
[BlackFideId "12981206"]
[EventCountry "GER"]
[EventRounds "7"]
[EventType "team-swiss"]
[EventDate "2023.12.26"]

1. e4 {[%clk 01:30:53]} {[%emt 00:00:06]} e6 {[%clk 01:30:49]} {[%emt
00:00:13]} 2. d4 {[%clk 01:31:06]} {[%emt 00:00:16]} d5 {[%clk 01:31:13]}
{[%emt 00:00:06]} 3. Nd2 {[%clk 01:30:30]} {[%emt 00:01:05]} dxe4 {[%clk
01:31:38]} {[%emt 00:00:05]} 4. Nxe4 {[%clk 01:30:53]} {[%emt 00:00:08]} Nd7
{[%clk 01:32:03]} {[%emt 00:00:05]} 5. Nf3 {[%clk 01:30:20]} {[%emt 00:01:02]}
Ngf6 {[%clk 01:32:25]} {[%emt 00:00:08]} 6. Bd3 {[%clk 01:29:35]} {[%emt
00:01:15]} Nxe4 {[%clk 01:32:39]} {[%emt 00:00:16]} 7. Bxe4 {[%clk 01:29:57]}
{[%emt 00:00:09]} Nf6 {[%clk 01:33:05]} {[%emt 00:00:04]} 8. Bd3 {[%clk
01:29:53]} {[%emt 00:00:34]} c5 {[%clk 01:33:10]} {[%emt 00:00:25]} 9. O-O
{[%clk 01:28:36]} {[%emt 00:01:46]} Qc7 {[%clk 01:29:23]} {[%emt 00:04:18]} 10.
c3 {[%clk 01:23:09]} {[%emt 00:05:56]} cxd4 {[%clk 01:26:19]} {[%emt 00:03:35]}
11. Nxd4 {[%clk 01:22:06]} {[%emt 00:01:33]} a6 {[%clk 01:26:11]} {[%emt
00:00:37]} 12. Bc2 {[%clk 01:17:55]} {[%emt 00:04:41]} Bd6 {[%clk 01:18:53]}
{[%emt 00:07:49]} 13. g3 {[%clk 01:15:19]} {[%emt 00:03:07]} O-O {[%clk
01:15:49]} {[%emt 00:03:34]} 14. Bg5 {[%clk 01:12:08]} {[%emt 00:03:41]} Nd5
{[%clk 01:10:05]} {[%emt 00:06:13]} 15. Re1 {[%clk 00:59:55]} {[%emt 00:12:41]}
Re8 {[%clk 00:58:22]} {[%emt 00:12:16]} 16. Nf5 {[%clk 00:26:40]} {[%emt
00:33:44]} Bf8 {[%clk 00:45:15]} {[%emt 00:13:37]} 17. Qd3 {[%clk 00:08:44]}
{[%emt 00:18:26]} g6 {[%clk 00:35:05]} {[%emt 00:10:40]} 18. Nh6+ {[%clk
00:04:03]} {[%emt 00:05:11]} Kh8 {[%clk 00:34:42]} {[%emt 00:00:54]} 19. Qd4+
{[%clk 00:03:34]} {[%emt 00:00:58]} f6 {[%clk 00:32:50]} {[%emt 00:02:22]} 20.
Qxd5 {[%clk 00:01:06]} {[%emt 00:02:58]} fxg5 {[%clk 00:25:04]} {[%emt
00:08:16]} 21. Qxg5 {[%clk 00:00:44]} {[%emt 00:00:52]} Qg7 {[%clk 00:24:02]}
{[%emt 00:01:32]} 22. Qe5 {[%clk 00:00:37]} {[%emt 00:00:37]} b5 {[%clk
00:21:19]} {[%emt 00:03:14]} 23. Nf7+ {[%clk 00:00:35]} {[%emt 00:00:31]} Kg8
{[%clk 00:21:23]} {[%emt 00:00:27]} 24. Qxg7+ {[%clk 00:00:36]} {[%emt
00:00:28]} Kxg7 {[%clk 00:21:37]} {[%emt 00:00:16]} 25. Ne5 {[%clk 00:00:47]}
{[%emt 00:00:18]} Bb7 {[%clk 00:19:59]} {[%emt 00:02:09]} 26. a3 {[%clk
00:00:36]} {[%emt 00:00:42]} Rad8 {[%clk 00:19:12]} {[%emt 00:01:17]} 27. Rad1
{[%clk 00:00:34]} {[%emt 00:00:31]} Bd5 {[%clk 00:16:43]} {[%emt 00:03:00]} 28.
f3 {[%clk 00:00:31]} {[%emt 00:00:34]} Bc5+ {[%clk 00:16:22]} {[%emt 00:00:51]}
29. Kg2 {[%clk 00:00:40]} {[%emt 00:00:21]} Rf8 {[%clk 00:15:33]} {[%emt
00:01:18]} 30. Be4 {[%clk 00:00:32]} {[%emt 00:00:38]} Bxe4 {[%clk 00:14:08]}
{[%emt 00:01:55]} 31. Rxd8 {[%clk 00:00:38]} {[%emt 00:00:24]} Bxf3+ {[%clk
00:14:10]} {[%emt 00:00:28]} 32. Nxf3 {[%clk 00:00:58]} {[%emt 00:00:10]} Rxd8
{[%clk 00:14:37]} {[%emt 00:00:04]} 33. Rxe6 {[%clk 00:01:17]} {[%emt
00:00:10]} Rd6 {[%clk 00:13:05]} {[%emt 00:02:02]} 34. Rxd6 {[%clk 00:00:35]}
{[%emt 00:01:12]} Bxd6 {[%clk 00:13:30]} {[%emt 00:00:05]} 35. Nd4 {[%clk
00:01:00]} {[%emt 00:00:05]} Kf6 {[%clk 00:11:42]} {[%emt 00:02:18]} 36. Kf3
{[%clk 00:00:49]} {[%emt 00:00:41]} Ke5 {[%clk 00:09:00]} {[%emt 00:03:11]} 37.
Ke2 {[%clk 00:00:35]} {[%emt 00:00:45]} Kd5 {[%clk 00:06:18]} {[%emt 00:03:12]}
38. Kd3 {[%clk 00:00:47]} {[%emt 00:00:17]} Ke5 {[%clk 00:04:36]} {[%emt
00:02:13]} 39. Nc2 {[%clk 00:00:34]} {[%emt 00:00:43]} Bc5 {[%clk 00:01:53]}
{[%emt 00:03:13]} 40. Ne1 {[%clk 00:00:32]} {[%emt 00:00:31]} Kf5 {[%clk
00:00:57]} {[%emt 00:01:26]} 41. Nf3 {[%clk 00:27:55]} {[%emt 00:03:06]} Bb6
{[%clk 00:22:33]} {[%emt 00:08:55]} 42. h3 {[%clk 00:26:36]} {[%emt 00:01:49]}
h5 {[%clk 00:18:52]} {[%emt 00:04:12]} 43. Nd4+ {[%clk 00:24:33]} {[%emt
00:02:32]} 1/2-1/2

[Event "DVM U20w 2023"]
[Site "Magdeburg GER"]
[Date "2023.12.30"]
[Round "7"]
[White "Stelter, Finja"]
[Black "Alferova, Emily"]
[Result "0-1"]
[Termination "normal"]
[Board "6.2"]
[WhiteElo "1310"]
[BlackElo "1589"]
[WhiteClock "00:26:03"]
[BlackClock "00:10:39"]
[WhiteTeam "SK Lehrte 1919"]
[BlackTeam "SC Garching 1980"]
[PlyCount "58"]
[WhiteFideId "16298624"]
[BlackFideId "16265904"]
[EventCountry "GER"]
[EventRounds "7"]
[EventType "team-swiss"]
[EventDate "2023.12.26"]

1. e4 {[%clk 01:30:59]} {[%emt 00:00:02]} e5 {[%clk 01:30:54]} {[%emt
00:00:06]} 2. Nf3 {[%clk 01:30:52]} {[%emt 00:00:36]} Nc6 {[%clk 01:31:17]}
{[%emt 00:00:07]} 3. d4 {[%clk 01:31:14]} {[%emt 00:00:08]} exd4 {[%clk
01:31:41]} {[%emt 00:00:07]} 4. Nxd4 {[%clk 01:31:37]} {[%emt 00:00:07]} Nf6
{[%clk 01:32:04]} {[%emt 00:00:06]} 5. Nc3 {[%clk 01:31:39]} {[%emt 00:00:28]}
Bb4 {[%clk 01:32:10]} {[%emt 00:00:24]} 6. Nxc6 {[%clk 01:31:34]} {[%emt
00:00:35]} bxc6 {[%clk 01:32:30]} {[%emt 00:00:10]} 7. Bd3 {[%clk 01:31:55]}
{[%emt 00:00:08]} d5 {[%clk 01:26:47]} {[%emt 00:06:14]} 8. exd5 {[%clk
01:30:20]} {[%emt 00:02:06]} cxd5 {[%clk 01:26:19]} {[%emt 00:00:57]} 9. O-O
{[%clk 01:30:08]} {[%emt 00:00:41]} O-O {[%clk 01:26:22]} {[%emt 00:00:29]} 10.
h3 {[%clk 01:30:00]} {[%emt 00:00:38]} h6 {[%clk 01:22:42]} {[%emt 00:04:10]}
11. Bf4 {[%clk 01:27:59]} {[%emt 00:02:30]} c6 {[%clk 01:19:41]} {[%emt
00:03:32]} 12. Qf3 {[%clk 01:26:44]} {[%emt 00:01:44]} Bd6 {[%clk 01:11:56]}
{[%emt 00:08:13]} 13. Ne2 {[%clk 01:25:35]} {[%emt 00:01:40]} Qc7 {[%clk
01:01:47]} {[%emt 00:10:39]} 14. Bxd6 {[%clk 01:20:34]} {[%emt 00:05:31]} Qxd6
{[%clk 01:02:10]} {[%emt 00:00:07]} 15. c4 {[%clk 01:20:22]} {[%emt 00:00:42]}
Rb8 {[%clk 00:53:10]} {[%emt 00:09:31]} 16. b3 {[%clk 01:19:57]} {[%emt
00:00:55]} Be6 {[%clk 00:47:40]} {[%emt 00:06:00]} 17. Rfd1 {[%clk 01:16:22]}
{[%emt 00:04:05]} Qc7 {[%clk 00:34:00]} {[%emt 00:14:11]} 18. Qf4 {[%clk
01:09:27]} {[%emt 00:07:22]} Qb6 {[%clk 00:26:06]} {[%emt 00:08:27]} 19. Nd4
{[%clk 01:00:36]} {[%emt 00:09:20]} c5 {[%clk 00:21:11]} {[%emt 00:05:25]} 20.
Nf5 {[%clk 00:54:36]} {[%emt 00:06:30]} Bxf5 {[%clk 00:18:26]} {[%emt
00:03:15]} 21. Qxf5 {[%clk 00:53:55]} {[%emt 00:01:11]} d4 {[%clk 00:17:28]}
{[%emt 00:01:28]} 22. Re1 {[%clk 00:52:16]} {[%emt 00:02:09]} Rfe8 {[%clk
00:17:23]} {[%emt 00:00:35]} 23. Kf1 {[%clk 00:48:43]} {[%emt 00:04:03]} g6
{[%clk 00:16:18]} {[%emt 00:01:36]} 24. Qf4 {[%clk 00:44:19]} {[%emt 00:04:51]}
Kg7 {[%clk 00:16:21]} {[%emt 00:00:29]} 25. Re2 {[%clk 00:39:10]} {[%emt
00:05:39]} Rxe2 {[%clk 00:16:13]} {[%emt 00:00:38]} 26. Bxe2 {[%clk 00:39:28]}
{[%emt 00:00:13]} Re8 {[%clk 00:15:29]} {[%emt 00:01:13]} 27. Bd3 {[%clk
00:33:50]} {[%emt 00:06:08]} Qa5 {[%clk 00:13:02]} {[%emt 00:02:57]} 28. Qc1
{[%clk 00:31:48]} {[%emt 00:02:32]} Qc7 {[%clk 00:10:42]} {[%emt 00:02:51]} 29.
Qa3 {[%clk 00:26:03]} {[%emt 00:06:14]} Qh2 {[%clk 00:10:39]} {[%emt 00:00:33]}
0-1